| 000 | 01259nam a2200217Ia 4500 | ||
|---|---|---|---|
| 003 | Ost | ||
| 005 | 20260416102359.0 | ||
| 008 | 260416s9999||||xx |||||||||||||| ||und|| | ||
| 040 | _cfsecg | ||
| 041 | _aara | ||
| 082 | _a657.42 | ||
| 100 |
_aمرابط ،بلال _eمؤلف |
||
| 245 | 0 |
_aدروس وتمارين في مقياس التحليل المالي : _bمطبوعة علمية مقدمة لطلبة السنة الثالثة ليسانس، تخصص: محاسبة ومالية / _cبلال مرابط |
|
| 260 |
_aالجزائر _bجامعة الجزائر3: كلية العلوم الإقتصادية، العلوم التجارية وعلوم التسيير _c2022 |
||
| 300 |
_a109 ورقة _bايضاحات _c12 سم |
||
| 504 | _aالمراجع ص.107 | ||
| 520 | _aمدخل إلى التحليل المالي والقوائم المالية،تحليل الهيكلة المالية والنشاط،تحليل المردودية وال ا رفعة المالية،تحليل التدفقات المالية. | ||
| 653 | _aالمحاسبة التحليلة | ||
| 710 |
_aجامعة الجزائر3: كلية العلوم الإقتصادية، العلوم التجارية وعلوم التسيير _eناشر علمي |
||
| 942 | _cHANDOUT | ||
| 999 |
_c41338 _d41338 |
||